Miłosny łańcuch - Statystyki

Ogólne statystyki
  • Ten quiz został rozwiązany 21 razy
  • Średni wynik to 9 z 14
Statystyki odpowiedzi
Wskazówka Odpowiedź % Poprawnych
Grecka bogini miłości Afrodyta
95%
"Miłość" po włosku Amore
89%
Miejsce, gdzie mieszkało 12 bogów greckich, m.in. Afrodyta (bogini miłości) Olimp
89%
Kochanek Julii Romeo
89%
Film o miłości, którą przerwało zderzenie z górą lodową Titanic
89%
Samiec konia ogier
84%
Obudzenie śpiącej królewny odbywa się przez... pocałunek
84%
Według stereotypu przyciągają się Przeciwieństwa
79%
Grecki bóg miłości Eros
74%
Uniwersalny, archaiczny wzorzec wynikający z mitów, opowieści zakorzenionych w kulturze np. ojca, matki, animy, animusa, herosa Archetyp
58%
Rzymski bóg miłości, jego symbolem jest łuk ze strzałą Kupidyn
42%
Polskie miasto zakochanych Chełmno
32%
Język, który użyto do napisania Kamasutry sanskryt
26%
Uporczywy i nieuzasadniony strach przed zakochaniem Filofobia
0%
Nie znaleziono quizów pasujących do podanych kryteriów
Rozkład punktacji
Procent ludzi z każdym wynikiem
Percentyl według liczby udzielonych odpowiedzi
Twoja historia wyników
Nie rozwiązałeś tego quizu